000 03114nam a2200385 i 4500
001 18230
003 ES-MaACL
005 20250825062716.0
007 t|
008 010813s1999 sp ||||0| spa j
017 _aM 48751-1999
020 _a8481913219
040 _aM-BN
_bspa
_cM-BN
080 _a929 Ríos Urruti, Fernando de los
100 1 _aZapatero, Virgilio.
_9118009
245 1 0 _aFernando de los Ríos
_b: biografía intelectual /
_cVirgilio Zapatero.
250 _a1ª ed.
260 _aValencia :
_bPre-Textos ;
_aGranada :
_bDiputación de Granada,
_c1999.
300 _a514 p. :
_bil. ;
_c25 cm.
490 1 _aPre-textos ;
_v458
500 _a“Es esta una biografía de Fernando de los Ríos. Tal vez algún lector que se haya animado a abrir esta primera página se pregunte quién fue Fernando de los Ríos. Es lo mismo que hace ya caso treinta años pregunté yo a Elías Díaz cuando me aconsejó hacer mi tesis doctoral sobre el pensamiento de aquél. La trágica historia de España, con su guerra civil y la posterior dictadura, explica en buena parte el porqué de la pregunta. Y este trabajo es un intento de dar una respuesta que ayude a llenar esta laguna en nuestra memoria colectiva. Se trata de una biografía fundamentalmente intelectual, porque eso es lo que fundamentalmente fue el personaje. Había nacido, dice Francisco Ayala, para ser, y lo fue, básicamente un intelectual: profesor de la Universidad de Granada, de la Central de Madrid, de la que fue rector, de la New School, profesor visitante y lector en las universidades de Londres, Cambridge, Oxford, Sorbona, Columbia, California, La Habana, Puerto Rico, México, Michoacán, Panamá, Bogotá, Quito, Cuzco, La Paz, Sucre, Santiago de Chile, Montevideo o Caracas. La misma relación de universidades en las que enseñó pone de relieve ese espíritu viajero, inquieto, curioso que caracterizó a los hombres de su generación y que, en este caso, hizo de este español un buen europeo y un mejor ciudadano del mundo. Pero también es la biografía de un político; uno de los padres de la República en cuyos Gobiernos desempeñó las carteras de Justicia, Instrucción Pública y Estado a la que sirvió más tarde como Embajador en EE.UU. ante la administración Roosevelt y como ministro del Gobierno en el exilio…”. Virgilio Zapatero.
504 _aBibliografía: p. 489-504.
600 1 4 _aRíos, Fernando de los,
_d1879-1949
_997398
655 0 _aBiografías
_9176647
710 1 _aGranada (Provincia).
_bDiputación Provincial.
_94488
830 0 _aPre-textos ;
_v458
_9178641
852 _aES-MaACL
_jL-24903/Ej.1
_bR.129985
_918786
_cDEPO2
852 _aES-MaACL
_jN-9639
_bR.154880
_cDEPOJ
_hDonación: Virgilio Zapatero
_9200986
_xEncuadernación rústica con solapas (incluye faja)
_gDedicatoria autógrafa del autor
903 _9118009
_aZapatero, Virgilio
_ednr
942 _2udc
_cMONOGRAFIA
999 _c18230
_d18230